Star Wars - Top 20 most famous Villains - Statistics

General Stats
  • This quiz has been taken 2,138 times
    2,043 since last reset
  • The average score is 15 of 20
Answer Stats
Hint Villain % Correct
01. Heavy breathing Darth Vader
100%
04. Mandalorian bounty hunter Boba Fett
97%
02. The sith lord himself The Emperor
97%
07. Fat, green, rich slime Jabba the Hutt
96%
05. Fallen son of Han and Leia Kylo Ren
96%
12. The original clone Jango Fett
94%
06. Trained Qui-Gon, CIS leader Count Dooku
92%
08. Zabrak Sith apprentice Darth Maul
91%
03. The Grand Moff Wilhuff Tarkin
89%
11. Kaleesh cyborg with 4 lightsabers General Grievous
88%
14. Female Assassin and former jedi Asajj Ventress
68%
20. Rodian bounty hunter Greedo
64%
17. Leader of the Trade Federation Nute Gunray
62%
10. The Grand Admiral Thrawn
62%
19. Zabrak Sith acolyte Savage Opress
60%
09. Duros bounty hunter Cad Bane
55%
15. Cowardly Hutt, part of the CIS Ziro the Hutt
54%
18. Led the attack on Hoth Maximilian Veers
43%
16. Commanded Super Star Destroyer Firmus Piett
35%
13. Built and killed by the Death Star Orsen Krennic
35%
No matching quizzes found
Score Distribution
Percent of People with Each Score
Percentile by Number Answered
Your Score History
You have not taken this quiz since the last reset